La amante del restaurador /

Guardado en:
Autor Principal: Miguel, María Esther de
Formato: Libro
Publicado: Buenos Aires : Planeta, 1993
Materias:
Etiquetas: Agregar Etiqueta
Sin Etiquetas, Sea el primero en etiquetar este registro!
LEADER 00616nam a22002175a 4500
001 CEM.cems016975
005 20111006113501.0
008 130507s1993##################000#0#####d
003 CEMS
020 |a 950742377X 
082 0 4 |a A863.4 
100 1 |a Miguel, María Esther de 
245 1 0 |a La amante del restaurador /  |c María Esther de Miguel 
260 |a Buenos Aires :  |b Planeta,  |c 1993 
300 |a 260 p. 
653 |a Literatura 
653 |a Literatura argentina 
653 |a Novelas 
653 |a Novela argentina 
653 |a Novela histórica 
859 |a CEMS  |b BIB. CEMS - Agricultura  |h A863.4  |i M588-1  |p A19661.98  |t Ej.1